[Event "Hessen-ch U16"]
[Site "Bad Homburg"]
[Date "2012.??.??"]
[Round "6"]
[White "Czickus, Lukas"]
[Black "Soeder, Maximilian"]
[Result "0-1"]
[WhiteElo "1580"]
[BlackElo "1670"]
[PlyCount "30"]
[EventDate "2012.04.??"]
[EventType "swiss"]
[EventRounds "9"]
[EventCountry "GER"]
[SourceTitle "EXT 2015"]
[Source "ChessBase"]
[SourceDate "2014.11.20"]
[SourceVersion "1"]
[SourceVersionDate "2014.11.20"]
[SourceQuality "1"]

1. c4 Nf6 2. Nc3 g6 3. g3 Bg7 4. Bg2 0-0 5. d4 d6 6. e3 Bd7 7. Nge2 Qc8 8. b4 c6 9. Qb3 Bh3 10. 0-0 Bxg2 11. Kxg2 Nbd7 12. Rd1 h6 13. Rb1 Nh7 14. c5 Ng5 15. e4 Nxc5 0-1

[Event "Hessen-ch U16"]
[Site "Bad Homburg"]
[Date "2012.??.??"]
[Round "1"]
[White "Hebbering, Tom Elliot"]
[Black "Czickus, Lukas"]
[Result "1-0"]
[WhiteElo "1931"]
[BlackElo "1580"]
[PlyCount "39"]
[EventDate "2012.04.??"]
[EventType "swiss"]
[EventRounds "9"]
[EventCountry "GER"]
[SourceTitle "EXT 2015"]
[Source "ChessBase"]
[SourceDate "2014.11.20"]
[SourceVersion "1"]
[SourceVersionDate "2014.11.20"]
[SourceQuality "1"]

1. d4 d5 2. Nf3 Nf6 3. e3 Bf5 4. c4 c6 5. Nc3 Nbd7 6. cxd5 cxd5 7. Nh4 Bg4 8. Qb3 Nb6 9. h3 Bd7 10. Nf3 e6 11. Bd3 Qc7 12. Nb5 Bxb5 13. Bxb5+ Nbd7 14. Bd2 Rc8 15. 0-0 Ne4 16. Rac1 Nxd2 17. Rxc7 Nxf3+ 18. gxf3 Rxc7 19. Bxd7+ Rxd7 20. Rc1 1-0

[Event "Karl Mala Memorial op 14th"]
[Site "Frankfurt"]
[Date "2011.07.09"]
[Round "4"]
[White "Hornung, Thomas"]
[Black "Czickus, Lukas"]
[Result "1-0"]
[WhiteElo "1993"]
[BlackElo "1558"]
[PlyCount "31"]
[EventDate "2011.07.07"]
[EventType "swiss"]
[EventRounds "7"]
[EventCountry "GER"]
[SourceTitle "EXT 2012"]
[Source "ChessBase"]
[SourceDate "2011.11.24"]
[SourceVersion "1"]
[SourceVersionDate "2011.11.24"]
[SourceQuality "1"]

1. d4 d5 2. c4 Nf6 3. cxd5 Nxd5 4. Nf3 Bf5 5. Qb3 b6 6. Bg5 Qd6 7. Nbd2 Nf6 8. e3 Ne4 9. Nxe4 Bxe4 10. Bf4 Qf6 11. Bxc7 Bxf3 12. gxf3 Qxf3 13. Rg1 Qf6 14. Bg2 Nc6 15. Rc1 Qg6 16. Bxc6+ 1-0